Mastering CAD/CAM / (Record no. 163362)

MARC details
000 -LEADER
fixed length control field 00491nam a22001697a 4500
005 - DATE AND TIME OF LATEST TRANSACTION
control field 20190411124219.0
010 ## - LCCN (DPL NO)
LC control number B-160193
020 ## - INTERNATIONAL STANDARD BOOK NUMBER
International Standard Book Number 0070634343
035 ## - SYSTEM CONTROL NUMBER
System control number B-160193
037 ## - SOURCE OF ACQUISITION
Source of stock number/acquisition Tata McGraw-Hill Publishing Company Ltd.
082 ## - DEWEY DECIMAL CLASSIFICATION NUMBER
Classification number 670.285
100 ## - MAIN ENTRY--PERSONAL NAME
Personal name Zeid, Ibrahim
245 ## - TITLE STATEMENT
Title Mastering CAD/CAM /
Statement of responsibility, etc Ibrahim Zeid
260 ## - PUBLICATION, DISTRIBUTION, ETC. (IMPRINT)
Place of publication, distribution, etc New Delhi
Name of publisher, distributor, etc Tata McGraw-Hill Publishing Company Ltd.
Date of publication, distribution, etc 2007
300 ## - PHYSICAL DESCRIPTION
Extent 932p.
Dimensions 24cm(pbk)
942 ## - ADDED ENTRY ELEMENTS (KOHA)
Source of classification or shelving scheme Dewey Decimal Classification
Item type English Books
Classification part 670.285
Call number suffix ZEI
Holdings
Withdrawn status Lost status Not for loan Collection code Home library Current library Date acquired Full call number Barcode Koha item type
      Non-fiction Sarojini Nagar Sarojini Nagar 11/04/2019 670.285 ZEI B-160193 English Books

© Delhi Public Library
Hit Counter
free hit counter